Návrh rybovodu pre pripravované VD Kolárovo

Saved in:
Bibliographic Details
Main Author: Peterková, Patrícia (Author)
Other Authors: Rumann, Ján (Thesis advisor)
Format: Manuscript Book
Language:Slovak
Published: 2017
Subjects:
Online Access:http://is.stuba.sk/zp/portal_zp.pl?podrobnosti=125366
https://opac.crzp.sk/?fn=detailBiblioForm&sid=4B7A8F8230E4921732146F8DC396
Tags: Add Tag
No Tags, Be the first to tag this record!

MARC

LEADER 00000ntm a22000003a 4500
001 stuzp63819
003 SK-STU
005 20230817103357.7
007 ta
008 150427s2015----xo-----f-mn---000-0-slo-d
040 |a STU  |b slo 
041 0 |a slo 
100 1 |a Peterková, Patrícia  |u 010170  |4 aut  |U SvF Stavebná fakulta  |T SvF Katedra hydrotechniky  |X 9477  |U V170  |Y 17  |7 9477 
242 0 1 |a Fishway design of planned water structure Kolárovo  |y eng 
245 1 0 |a Návrh rybovodu pre pripravované VD Kolárovo 
260 |c 2017 
650 4 |a návrh rybovodu  |2 slo 
650 4 |a migrácia rýb  |2 slo 
650 4 |a bezprepážková obtoková bystrina  |2 slo 
650 4 |a pleskáčové pásmo  |2 slo 
650 4 |a River 2D  |2 slo 
650 4 |a fishway design  |2 eng 
650 4 |a fish migration  |2 eng 
650 4 |a fish bypass  |2 eng 
650 4 |a bream zone  |2 eng 
650 4 |a River 2D  |2 eng 
700 1 |a Rumann, Ján  |u 010170  |k Z1  |4 ths  |U SvF Stavebná fakulta  |T SvF Katedra hydrotechniky  |X 38286  |U V170  |Y 17  |7 A000038286 
856 4 |u http://is.stuba.sk/zp/portal_zp.pl?podrobnosti=125366 
856 4 |u https://opac.crzp.sk/?fn=detailBiblioForm&sid=4B7A8F8230E4921732146F8DC396